South African memories, (Record no. 124005)
[ view plain ]
| 000 -LEADER | |
|---|---|
| fixed length control field | 01062cam a22002531 4500 |
| 001 - CONTROL NUMBER | |
| control field | 7349435 |
| 003 - CONTROL NUMBER IDENTIFIER | |
| control field | ARRUPE |
| 005 - DATE AND TIME OF LATEST TRANSACTION | |
| control field | 20160122111706.0 |
| 008 - FIXED-LENGTH DATA ELEMENTS--GENERAL INFORMATION | |
| fixed length control field | 730925s1932 enka 000 0 eng |
| 010 ## - LIBRARY OF CONGRESS CONTROL NUMBER | |
| LC control number | 32022519 |
| 035 ## - SYSTEM CONTROL NUMBER | |
| System control number | (OCoLC)698286 |
| 040 ## - CATALOGING SOURCE | |
| Original cataloging agency | DLC |
| Transcribing agency | OKentU |
| Modifying agency | OCoLC |
| -- | DLC |
| 042 ## - AUTHENTICATION CODE | |
| Authentication code | premarc |
| 050 00 - LIBRARY OF CONGRESS CALL NUMBER | |
| Classification number | SPC DT929.8.F5 |
| Item number | A4 |
| 300 ## - PHYSICAL DESCRIPTION | |
| Other physical details | illus. |
| Dimensions | 24 cm. |
| 100 1# - MAIN ENTRY--PERSONAL NAME | |
| Personal name | Fitzpatrick, Percy, |
| Titles and other words associated with a name | Sir, |
| Dates associated with a name | 1862-1931. |
| 9 (RLIN) | 21711 |
| 245 10 - TITLE STATEMENT | |
| Title | South African memories, |
| Statement of responsibility, etc | by Sir J. Percy Fitzpatrick ... prepared for the press from the manuscript of the author by G. H. Wilson, with four half-tone plates. |
| 260 ## - PUBLICATION, DISTRIBUTION, ETC. (IMPRINT) | |
| Place of publication, distribution, etc | London [etc.] |
| Name of publisher, distributor, etc | Cassell and company ltd. |
| Date of publication, distribution, etc | 1932 |
| 300 ## - PHYSICAL DESCRIPTION | |
| Extent | 319 p.; |
| 500 ## - GENERAL NOTE | |
| General note | "Covers a very wide field of action, throwing much new light on the chequered history of the Transvaal in the period immediately before the South African war."--Foreword. |
| 651 #0 - SUBJECT ADDED ENTRY--GEOGRAPHIC NAME | |
| Geographic name | Transvaal (South Africa) |
| General subdivision | History |
| Chronological subdivision | 1880-1910. |
| 9 (RLIN) | 21712 |
| 700 1# - ADDED ENTRY--PERSONAL NAME | |
| Personal name | Wilson, G. H., |
| Relator term | ed. |
| 9 (RLIN) | 21713 |
| 906 ## - LOCAL DATA ELEMENT F, LDF (RLIN) | |
| a | 7 |
| b | cbc |
| c | oclcrpl |
| d | u |
| e | ncip |
| f | 19 |
| g | y-gencatlg |
| 942 ## - ADDED ENTRY ELEMENTS (KOHA) | |
| Source of classification or shelving scheme | Library of Congress Classification |
| Koha item type | Monograph ( Printed materials) |
| Withdrawn status | Lost status | Source of classification or shelving scheme | Damaged status | Not for loan | Collection code | Home library | Current library | Shelving location | Date acquired | Total Checkouts | Full call number | Barcode | Date last seen | Price effective from | Koha item type |
|---|---|---|---|---|---|---|---|---|---|---|---|---|---|---|---|
| Library of Congress Classification | Main Collection | ARRUPE LIBRARY | ARRUPE LIBRARY | Main Collection | 22/01/2016 | SPC DT929.8.F5A4 | 46500006004 | 22/01/2016 | 22/01/2016 | Monograph ( Printed materials) |